000 00609ntaaa2200205 4500
003 01
005 20251027202634.0
008 0714s1973 ag 01
020 _a9682403340
040 _aAR-BaBN
_bspa
_cAR-BaBN
_eaacr
_dRIC
082 _a371.425 V84n
100 _aVidales Delgado, Ismael
_925696
245 _aNuevas prácticas de orientación vocacional /
_cIsmael Vidales Delgado
260 _aMéxico :
_bTrillas,
_c1974
300 _a135 p. ;
_c27 cm.
500 _aBibliografía: p. 131
500 _aBAJA PATRIMONIAL POR OBSOLESCENCIA 20190405
650 _aOrientacion profesional
942 _cBK
999 _c21518
_d21518